Soccer Logos (Partially) #3 - Impossible - Statistics

General Stats
  • This quiz has been taken 151 times
  • The average score is 6 of 16
Answer Stats
Picture Answer % Correct
Boca Juniors
83%
LA Galaxy
78%
Hoffenheim 1899
76%
Norwich City
64%
Rayo Vallecano
64%
Levante United
45%
Crystal Palace
37%
Qarabag FK
36%
Club Brugge
29%
Wellington Phoenix
27%
Shamrock Rovers
25%
Hajduk Split
22%
Royal Antwerp
19%
Corinthians
18%
Getafe CF
10%
Victoria Plzen
9%
No matching quizzes found
Score Distribution
Percent of People with Each Score
Percentile by Number Answered
Your Score History
You have not taken this quiz